| 000 -LEADER |
| fixed length control field |
01421pab a2200193 454500 |
| 008 - FIXED-LENGTH DATA ELEMENTS--GENERAL INFORMATION |
| fixed length control field |
180718b2015 xxu||||| |||| 00| 0 eng d |
| 100 ## - MAIN ENTRY--PERSONAL NAME |
| Personal name |
Hamidullah, Madinah F. |
| 245 ## - TITLE STATEMENT |
| Title |
Women in city hall: gender dimensions of managerial values |
| 260 ## - PUBLICATION, DISTRIBUTION, ETC. |
| Date of publication, distribution, etc. |
2015 |
| 300 ## - PHYSICAL DESCRIPTION |
| Extent |
p.247-262. |
| 362 ## - DATES OF PUBLICATION AND/OR SEQUENTIAL DESIGNATION |
| Dates of publication and/or sequential designation |
May |
| 520 ## - SUMMARY, ETC. |
| Summary, etc. |
This study examines gender dimensions of managerial values at the local level of government. We test for alternative explanations, in particular whether the organization and profession are socializing forces with similar or larger influence on managerial values. The data for this study come from Phase IV of the National Administrative Studies Project (NASP IV). The dataset includes the U.S. senior local government managers in communities with populations over 50,000. We expect the values of men and women managers to differ even when we account for professional and organizational forces. Preliminary findings support this hypothesis. Women not only differed from men on the values of equity, long-term outlook, sense of community, and representation, but also differed with respect to the values of efficiency, effectiveness, and expertise. We discuss these findings and their implications. - Reproduced. |
| 650 ## - SUBJECT ADDED ENTRY--TOPICAL TERM |
| Topical term or geographic name entry element |
Decesion making |
| 650 ## - SUBJECT ADDED ENTRY--TOPICAL TERM |
| Topical term or geographic name entry element |
Women |
| 700 ## - ADDED ENTRY--PERSONAL NAME |
| Personal name |
Pandey, Sanjay K. |
| 700 ## - ADDED ENTRY--PERSONAL NAME |
| Personal name |
Riccucci, Norma M. |
| 773 ## - HOST ITEM ENTRY |
| Main entry heading |
American Review of Public Administration |
| 909 ## - |
| -- |
108664 |